2026 NFL Draft First Round - Statistics

General Stats
  • This quiz has been taken 687 times
  • The average score is 22 of 32
Answer Stats
Pick # Team College Position Answer % Correct
1 LV Indiana QB Fernando Mendoza
100%
3 ARI Notre Dame RB Jeremiyah Love
99%
4 TEN Ohio St. WR Carnell Tate
96%
2 NYJ Texas Tech EDGE David Bailey
94%
7 WSH Ohio St. LB Sonny Styles
93%
11 DAL Ohio St. S Caleb Downs
92%
13 LAR Alabama QB Ty Simpson
92%
5 NYG Ohio St. EDGE Arvell Reese
91%
8 NO Arizona St. WR Jordyn Tyson
88%
20 PHI USC WR Makai Lemon
87%
15 TB Miami (FL) EDGE Rueben Bain Jr.
86%
16 NYJ Oregon TE Kenyon Sadiq
83%
6 KC LSU CB Mansoor Delane
81%
9 CLE Utah OT Spencer Fano
80%
12 MIA Alabama OT Kadyn Proctor
77%
24 CLE Texas A&M WR KC Concepcion
67%
10 NYG Miami (FL) OT Francis Mauigoa
64%
32 SEA Notre Dame RB Jadarian Price
64%
30 NYJ Indiana WR Omar Cooper Jr.
64%
18 MIN Florida DT Caleb Banks
61%
29 KC Clemson DT Peter Woods
53%
17 DET Clemson OT Blake Miller
52%
14 BAL Penn St. G Olaivavega Ioane
51%
25 CHI Oregon S Dillon Thieneman
50%
27 MIA San Diego St. CB Chris Johnson
49%
28 NE Utah OT Caleb Lomu
48%
31 TEN Auburn EDGE Keldric Faulk
48%
23 DAL UCF EDGE Malachi Lawrence
48%
19 CAR Georgia OT Monroe Freeling
48%
22 LAC Miami (FL) EDGE Akheem Mesidor
47%
21 PIT Arizona St. OT Max Iheanachor
34%
26 HOU Georgia Tech G Keylan Rutledge
32%
No matching quizzes found
Score Distribution
Percent of People with Each Score
Percentile by Number Answered
Your Score History
You have not taken this quiz